banner-ar

مقدمة الى الالكترونيات حالة الصلابة , ط5 / (Record no. 42304)

MARC details
000 -الفاتح
حقل البيانات ثابتة الطول 00604nam a2200193Ia 4500
008 - عناصر البيانات ثابتة الطول - معلومات عامة
حقل البيانات ثابتة الطول 140319s9999 xx 000 0 ara d
040 ## - مصدر الفهرسة
وكالة الفهرسة الأصلية GCL /
وكالة النسخ GCL
082 04 - رقم تصنيف ديوى العشرى
رقم التصنيف 621.38
رقم المادة د م
100 1# - المدخل الرئيسى - إسم شخصى
الإسم الشخصى درن كانون
245 10 - بيان العنوان
العنوان مقدمة الى الالكترونيات حالة الصلابة , ط5 /
بيان المسئوليه,etc درن كانون
700 1# - المدخل الاضافى - اسم شخصى
الإسم الشخصى الدار العربية للعلوم
300 ## - الوصف المادى
التعداد 299 ص
490 ## - بيان السلسلة
عنوان السلسلة
650 04 - المدخل الاضافى بالموضوع-مصطلح موضوعى
مصطلح موضوعي الهندسة الالكترونية
650 04 - المدخل الاضافى بالموضوع-مصطلح موضوعى
مصطلح موضوعي الترانزستور
942 ## - عناصر المدخل الإضافي( كوها)
مصدر التصنيف او مخطط الترفيف Dewey Decimal Classification
Koha [default] item type كتاب
260 ## - PUBLICATION, DISTRIBUTION, ETC. (IMPRINT)
-- [S.N] :
-- الدار العربية للعلوم
Holdings
حالة التراجع حالة الفقد حالة تلف ليس للاعارة المكان المؤقت الموقع الحالى تاريخ الاكتساب اجمالي اﻻعارات رقم الطلب الباركود تاريخ اخر مشاهدة تاريخ تفعيل السعر نوع وعاء كوها
        مكتبة القاهرة الكبرى مكتبة القاهرة الكبرى 03/26/2014   621.38\د م 102201 03/26/2014 03/26/2014 كتاب
        مكتبة القاهرة الكبرى مكتبة القاهرة الكبرى 03/26/2014   621.38\د م 102202 03/26/2014 03/26/2014 كتاب

Powered By

EGPV